[Event "Panchavati Resha op 3rd"]
[Site "Panchavati"]
[Date "2017.07.19"]
[Round "3"]
[White "Chandak, Varun"]
[Black "Kanyamarala, Trisha"]
[Result "0-1"]
[WhiteElo "1157"]
[BlackElo "1953"]
[PlyCount "96"]
[EventDate "2017.07.18"]
[EventType "swiss"]
[EventRounds "10"]
[EventCountry "IND"]
[SourceTitle "EXT 2018"]
[Source "ChessBase"]
[SourceDate "2017.10.13"]
[SourceVersion "1"]
[SourceVersionDate "2017.10.13"]
[SourceQuality "1"]

1. d4 d5 2. c4 e6 3. Nc3 c6 4. cxd5 exd5 5. Bf4 Nf6 6. Nf3 Be7 7. Qc2 Nbd7 8. e3 0-0 9. Bd3 Re8 10. 0-0 h6 11. Rfe1 Nh5 12. Bg3 Nxg3 13. hxg3 Nf6 14. e4 dxe4 15. Nxe4 Nxe4 16. Rxe4 Be6 17. Re2 Bf6 18. Rd1 Qb6 19. b3 Bg4 20. Qc4 Bxf3 21. Rxe8+ Rxe8 22. gxf3 Bxd4 23. Bh7+ Kxh7 24. Rxd4 Re7 25. Rf4 Qb5 26. Qxb5 cxb5 27. Kf1 Kg6 28. Rg4+ Kf6 29. Rf4+ Ke6 30. Re4+ Kd6 31. Ke2 Rxe4+ 32. fxe4 Kc5 33. Ke3 Kb4 34. f4 h5 35. Kd4 Ka3 36. f5 f6 37. e5 fxe5+ 38. Kxe5 Kxa2 39. b4 a5 40. Ke6 axb4 41. Kf7 b3 42. Kxg7 b2 43. f6 b1Q 44. f7 Qb2+ 45. Kg8 Qb3 46. Kg7 Qxg3+ 47. Kh7 Qf3 48. Kg7 Qxf7+ 0-1